1624 1027 1378 1568 1566 1631 1914 1120 1522 1975 1254 1565 1963 1798 1523 1494 1867 1314 1677 1946 1640 1789 1759 1406 1381 1775 1159 1342 1277 1122 1001 1947 1137 1113 1143 1057 1634 1337 1756 1673 1123 1773 1788 1405 1254 1866 1143 1124 1073 1094 1295 1000 2000 1322 1080 1892 1443 1487 1779 1297 1419 1289 1976 1843 1651 1266 1089 1876 1604 1844 1194 1890 1400 1870 1269 1212 1329 1250 1915 1354 1029 1512 1887 1208 1587 1176 1788 1418 1442 1366 1454 1400 1080 1088 1743 1561 1062 1892 1460 BCNSPRNW ULIB Ver.6.0+V

เปลี่ยนเป็นภาษาไทย

Change to English
 แสดงรายละเอียดบรรณานุกรม
  กลับหน้าหลัก

Brief Record : Get Marc (ISO 2709) : E-mail record : QR code < ปิดหน้าต่าง
LEADER : 00000nam 2200000uu 4500
001    13399115037
003     ULIB
008    020711s2552 th a 000 0 tha d
020    ^a9789742128951
082 04 ^aรส.^bร795T
090    ^aรส.^bร795T
100    ^aWilkie Collins
245    ^aปริศนาหญิงชุดขาว/^cilkie Collins
260    ^aกรุงเทพฯ :^bซีเอ็ด,^c2552
300    141 หน้า
500    ชุดอ่านอังกฤษ เก่งอังกฤษ
501    Stage 6
945    ^p125^l0^i028460
999 ^a ทศพร
รายการนี้ยังไม่มีแท็ก
คุณยังไม่ได้ล็อกอิน คุณสามารถมีกิจกรรมร่วมกับเว็บไซต์ได้ แต่ต้องล็อกอินก่อน ::
  ล็อกอิน

รายการสื่อสารสนเทศ

ลำดับที่ ประเภท เลขเรียก/บาร์โค้ด สถานที่ สถานะ
1. นวนิยาย
นวนิยาย
รส. ร795T รส. ร795T ฉ.1 
  Barcode: 028460
ห้องสมุดวิทยาเขตสวรรค์ประชารักษ์
►นวนิยาย
บนชั้น
  ขอยืม

BibComment


ยังไม่เคยถูกคอมเมนท์

คอมเมนท์ทรัพยากรรายการนี้
  คอมเมนท์: ปริศนาหญิงชุดขาว..


 Copyright 2026. Bcnsprnw @Library